1395 1422 1795 1779 1510 1749 1913 1793 1290 1916 1824 1374 1524 1035 1874 1805 1246 1246 1091 1048 1124 1803 1173 1425 1545 1372 1541 1198 1071 1721 1599 1213 1753 1886 1485 1447 1732 1646 1846 1370 1413 1759 1489 1018 1190 1506 1265 1634 1178 1863 1454 1272 1559 1091 1990 1795 1204 1356 1510 1254 1114 1490 1478 1397 1644 1320 1569 1283 1511 1533 1837 1904 1882 1734 1635 1092 1748 1128 1707 1883 1786 1447 1796 1483 1105 1809 1345 1983 1973 1619 1705 1357 1295 1678 1011 1351 1763 1153 1530 BCNSPRNW ULIB Ver.6.0+V

เปลี่ยนเป็นภาษาไทย

Change to English
 แสดงรายละเอียดบรรณานุกรม
  กลับหน้าหลัก

Brief Record : Get Marc (ISO 2709) : E-mail record : QR code < ปิดหน้าต่าง
LEADER : 00000nam 2200000uu 4500
001    13399111522
003     ULIB
008    110628s||||||||th 000 0 tha d
020    9749396014
020    9789749396018
050  4 BQ4302^bบ747ก ล.4 2549
100 0  บูรพา ผดุงไทย
245 10 เกิดแต่กรรม 4 กับแม่ชีทศพร^cบูรพา ผดุงไทย
250    พิมพ์ครั้งที่ 11
260    กรุงเทพฯ :^bบีพลัส,^c 2548
300    159 หน้า^bภาพประกอบสีบางภาพ
650  7 กรรม
945    ^p160^l0^i022918
995    ทศพร
999 ^a ใช้งานได้ทุกระบบ
รายการนี้ยังไม่มีแท็ก
คุณยังไม่ได้ล็อกอิน คุณสามารถมีกิจกรรมร่วมกับเว็บไซต์ได้ แต่ต้องล็อกอินก่อน ::
  ล็อกอิน

รายการสื่อสารสนเทศ

ลำดับที่ ประเภท เลขเรียก/บาร์โค้ด สถานที่ สถานะ
- ไม่พบข้อมูล -

รายการใกล้เคียง
    ผู้แต่ง [บูรพา ผดุงไทย]

    หัวเรื่อง [กรรม]

BibComment


ยังไม่เคยถูกคอมเมนท์

คอมเมนท์ทรัพยากรรายการนี้
  คอมเมนท์: เกิดแต่กรรม 4 กับ..


 Copyright 2026. Bcnsprnw @Library